What is mission? : (Record no. 9252)
[ view plain ]
| 000 -LEADER | |
|---|---|
| fixed length control field | 00789cam a2200253 a 4500 |
| 001 - CONTROL NUMBER | |
| control field | 43063206 |
| 003 - CONTROL NUMBER IDENTIFIER | |
| control field | OCoLC |
| 005 - DATE AND TIME OF LATEST TRANSACTION | |
| control field | 20241126110708.0 |
| 008 - FIXED-LENGTH DATA ELEMENTS--GENERAL INFORMATION | |
| fixed length control field | 991202r20001999mnu b 001 0 eng |
| 010 ## - | |
| -- | 99088224 |
| 020 ## - INTERNATIONAL STANDARD BOOK NUMBER | |
| International Standard Book Number | 0800632338 (alk. paper) |
| 035 ## - SYSTEM CONTROL NUMBER | |
| System control number | .b10810158 |
| 040 ## - CATALOGING SOURCE | |
| Original cataloging agency | DLC |
| Transcribing agency | DLC |
| Modifying agency | OCoLC |
| 050 00 - | |
| -- | BV2061 |
| -- | .K57 2000 |
| 082 ## - DEWEY DECIMAL CLASSIFICATION NUMBER | |
| Classification number | 266.001 |
| Item number | KIR |
| 100 1# - MAIN ENTRY--PERSONAL NAME | |
| Personal name | Kirk, J. Andrew |
| 9 (RLIN) | 16081 |
| 245 10 - TITLE STATEMENT | |
| Title | What is mission? : |
| Remainder of title | theological explorations / |
| Statement of responsibility, etc. | J. Andrew Kirk |
| 260 ## - PUBLICATION, DISTRIBUTION, ETC. | |
| Place of publication, distribution, etc. | Minneapolis, MN : |
| Name of publisher, distributor, etc. | Fortress Press, |
| Date of publication, distribution, etc. | c2000 |
| 300 ## - PHYSICAL DESCRIPTION | |
| Extent | viii, 302 p. ; |
| Dimensions | 22 cm |
| 500 ## - GENERAL NOTE | |
| General note | Originally published: London : Darton, Longman & Todd, c1999 |
| 504 ## - BIBLIOGRAPHY, ETC. NOTE | |
| Bibliography, etc. note | Includes bibliographical references (p. [274]-291) and indexes |
| 650 #0 - SUBJECT ADDED ENTRY--TOPICAL TERM | |
| Topical term or geographic name entry element | Missions |
| 9 (RLIN) | 885 |
| 942 ## - ADDED ENTRY ELEMENTS (KOHA) | |
| Source of classification or shelving scheme | Dewey Decimal Classification |
| Koha item type | Books |
| Koha issues (borrowed), all copies | 11 |
| Withdrawn status | Lost status | Source of classification or shelving scheme | Damaged status | Not for loan | Home library | Current Library | Shelving location | Date acquired | Total checkouts | Total renewals | Full call number | Barcode | Date last seen | Date last checked out | Copy number | Price effective from | Koha item type |
|---|---|---|---|---|---|---|---|---|---|---|---|---|---|---|---|---|---|
| Dewey Decimal Classification | GRACE BIBLE COLLEGE | GRACE BIBLE COLLEGE | Ministry & Mission | 2022-06-20 | 17 | 1 | 266.001 KIR | 015696 | 2026-02-09 | 2026-02-06 | c.1 | 2022-06-20 | Books |